Historické krovy

Salvato in:
Dettagli Bibliografici
Autori principali: Vinař, Jan (Autore), Kufner, Václav (Autore), Horová, Ivana (Autore)
Natura: Libro
Lingua:ceco
Pubblicazione: Praha : EL CONSULT, 1995
Tags: Aggiungi Tag
Nessun Tag, puoi essere il primo ad aggiungerne!!

MARC

LEADER 00000nam a22000003a 4500
001 stu50911
005 20150716164814.1
008 991118s1995----cr------------------cze-d
020 |a 80-902076-0-X 
040 |a STU  |b slo 
041 0 |a cze 
044 |a cr 
080 |a 69.024 
100 1 |a Vinař, Jan  |4 aut 
245 1 |a Historické krovy 
260 |a Praha :  |b EL CONSULT,  |c 1995 
300 |a 92 s.,obr.,tab.,schémy 
700 1 |a Kufner, Václav  |4 aut 
700 1 |a Horová, Ivana  |4 aut 
996 |b 284V027313  |c V*46419/O-20389  |l VVT  |s A  |a 24  |w stu50911_0001